000
00216nam a2200097Ia 4500
008
170619s9999 xx 000 0 und d
100
_a
Saxena- Taruna
245
0
_a
Enterpreneuship
260
_b
Meerut J P N
260
_c
2006
546
_a
ENGLISH
999
_c
22206
_d
22206